BIRDS OF A FEATHER - Billie Eilish - Statistics

General Stats
  • This quiz has been taken 1,240 times
  • The average score is 225 of 292
Answer Stats
Hint Answer % Correct
Intro (I
99%
Post-Chorus | Verse 1 | Verse 2 I
99%
a
98%
to
98%
you
97%
You
97%
the
96%
Chorus | Refrain Birds
94%
of
94%
feather
93%
we
93%
together
92%
don't
91%
Don't
91%
I'm
91%
should
91%
'Til
91%
'til
91%
('Til
91%
want
91%
and
90%
And
90%
be
90%
stick
90%
know
89%
for
88%
it
88%
It
88%
in
87%
stay)
86%
stay
86%
If
84%
if
84%
love
84%
was
84%
baby
83%
better
83%
my
83%
go
82%
not
82%
think
81%
me
80%
But
79%
but
79%
forever
79%
grave
79%
could
78%
what
78%
cryin'
77%
die
77%
die)
77%
more
76%
day
75%
even
75%
it's
75%
that
75%
always
72%
might
72%
Might
72%
weather
72%
away
71%
carry
71%
too
71%
Can't
70%
'Cause
70%
change
70%
dead
70%
goin'
70%
never
70%
said
70%
please
69%
alone
68%
blue
68%
casket
68%
Nothin'
68%
without
67%
save
66%
buried
65%
lose
65%
turnin'
65%
eyes
64%
eyes)
64%
left
64%
I'd
61%
wasn't
60%
light
58%
rot
58%
Chorus I'll
57%
see
54%
long
48%
your
48%
How
46%
so
46%
would
45%
leaves
44%
Say
44%
say
44%
look
41%
shit
40%
told
39%
you're
39%
believe
38%
full
38%
wouldn't
37%
wanna
35%
ya
32%
compliments
30%
Tell
30%
goodbye
29%
bit
26%
stupid
23%
throw
23%
life
17%
mind's
17%
quit
17%
had
16%
keep
15%
knew
15%
polluted
15%
another
13%
same
13%
act
12%
surprised
11%
No matching quizzes found
Score Distribution
Percent of People with Each Score
Percentile by Number Answered
Your Score History
You have not taken this quiz